Loading...
| Mythology | 0 | 6 | 0 | 0 | 60 | 53 | 64.67 | 2 | 5 | 0.00 | 0.00 |
| Fine Arts - Painting and Sculpture | 0 | 6 | 0 | 0 | 60 | 59 | 98.17 | 1 | 3 | 0.00 | 0.00 |
| History - American | 0 | 5 | 0 | 3 | 50 | 33 | 89.00 | 1 | 2 | 0.00 | 0.00 |
| Literature - British | 0 | 5 | 0 | 0 | 50 | 86 | 99.80 | 0 | 1 | 0.00 | 0.00 |
| Literature - World | 0 | 4 | 0 | 1 | 40 | 81 | 105.25 | 0 | 2 | 0.00 | 0.00 |
| Science - Biology | 0 | 4 | 0 | 2 | 40 | 54 | 73.25 | 0 | 0 | 0.00 | 0.00 |
| Science - Physics | 0 | 4 | 0 | 1 | 40 | 28 | 56.00 | 0 | 2 | 0.00 | 0.00 |
| Science - Chemistry | 0 | 5 | 2 | 0 | 40 | 41 | 54.80 | 0 | 1 | 0.00 | 0.00 |
| Fine Arts - Classical Music | 0 | 4 | 1 | 0 | 35 | 13 | 54.50 | 1 | 3 | 0.00 | 0.00 |
| Literature - American | 0 | 3 | 0 | 1 | 30 | 78 | 97.67 | 0 | 2 | 0.00 | 0.00 |
| Fine Arts - Other | 0 | 3 | 0 | 1 | 30 | 82 | 98.33 | 0 | 1 | 0.00 | 0.00 |
| History - European | 0 | 3 | 1 | 0 | 25 | 52 | 63.00 | 1 | 1 | 0.00 | 0.00 |
| Literature - European | 0 | 2 | 1 | 0 | 15 | 72 | 81.00 | 0 | 1 | 0.00 | 0.00 |
| History - Other | 0 | 2 | 1 | 1 | 15 | 81 | 98.50 | 1 | 1 | 0.00 | 0.00 |
| Religion | 0 | 1 | 0 | 0 | 10 | 70 | 70.00 | 0 | 1 | 0.00 | 0.00 |
| History - World | 0 | 1 | 0 | 0 | 10 | 36 | 36.00 | 0 | 0 | 0.00 | 0.00 |
| Science - Other | 0 | 1 | 0 | 0 | 10 | 63 | 63.00 | 0 | 1 | 0.00 | 0.00 |
| Geography | 0 | 1 | 0 | 0 | 10 | 96 | 96.00 | 0 | 1 | 0.00 | 0.00 |
| Social Science | 0 | 1 | 0 | 0 | 10 | 87 | 87.00 | 0 | 1 | 0.00 | 0.00 |
| Popular Culture | 0 | 0 | 1 | 0 | -5 | 0.00 | 0 | 0 | 0.00 | 0.00 |